000 005880000a22001690004500
041 0 _aSPA
082 0 4 _aG 371.97 M6653e
245 1 0 _aLa Etnoeducación : realidad y esperanza de los pueblos indígenas y afrocolombianos / Ministerio de Educacion Nacional - Colombia; Luis Alberto Artunduaga Marlés, Coordinador
260 _aBogotá : Ministerio de Educación Nacional
300 _a82 Pag
440 0 _aSerie Documentos de Trabajo
001 12167
942 _cBK
999 _c41193
_d41193
336 _atexto
_btxt
_2rdacontent
337 _2rdamedia
_asin mediación
_bn
338 _2rdacarrier
_avolumen
_bnc